Impossible Lord of the Rings Trivia - Statistics

General Stats
  • This quiz has been taken 274 times
  • The average score is 8 of 15
Answer Stats
Hint Answer % Correct
Gondor is which cardinal direction from Mordor? West
88%
Who was the first dark lord? Morgoth
82%
Frodo and Pippin are? Cousins
81%
What race is Gandalf? Maia
75%
Who was the father of Elanor Gardner? Samwise Gamgee
66%
What is the capital of Mordor? Barad-Dur
63%
What was the name of the battering ram used at Gondor? Grond
62%
What month does the company of the ring leave Rivendell? December
61%
What is Aragorn's Elvish name? Elessar
57%
What is the word for oliphant in the language of Mordor? Mumakil
45%
How do hobbits refer to Bilbo's 111st birthday? Eleventy-one
41%
How long did the ring lie on the bottom of the river before it was picked up? 2,500 years
30%
Where are the two watchers located? The entrance to the tower of Cirith Ungol
28%
What do elves call hobbits? The Periannath
20%
What is the name of the first chapter of The Fellowship of the Ring? A Long-Expected Journey
4%
No matching quizzes found
Score Distribution
Percent of People with Each Score
Percentile by Number Answered
Your Score History
You have not taken this quiz